000 004030000a22001690004500
003 MACL
005 20160103115713.0
008 160103b xxu||||| |||| 00| 0 eng d
040 _aMACL
_cMACL
041 _aEnglish
082 _a821/CHE
100 _aCheem, Aliph
_927585
245 _aLays of Ind
260 _bThacker & Co Ltd
_c1893
_aLondon
650 _aPoetry
_927586
942 _cBK
_k821/CHE
_2ddc
999 _c37259
_d37259